| 000 | 00535nam a2200205Ia 4500 | ||
|---|---|---|---|
| 003 | OSt | ||
| 005 | 20230526154148.0 | ||
| 008 | 210423s2000 xx 000 0 und d | ||
| 040 | _cAL | ||
| 041 | _aeng | ||
| 082 |
_a378.954 _223 _bJAYH |
||
| 100 |
_aJAYAPALAN (N) _9114961 |
||
| 245 | _aHistory of education in india | ||
| 260 |
_aNew Delhi _bAtlantic Publishers and Distributors _c2000 |
||
| 300 |
_a170 _bHB |
||
| 365 |
_b295 _cINR |
||
| 650 |
_aEducation _9114962 |
||
| 906 | _aeducation ; History ; india. | ||
| 942 |
_2ddc _cBK |
||
| 999 |
_c173404 _d173404 |
||